[Event "HUN-chT 0809"]
[Site "Hungary"]
[Date "2009.02.22"]
[Round "8"]
[White "Borsos, Bogdan"]
[Black "Grunberg, Florin"]
[Result "0-1"]
[WhiteElo "2363"]
[BlackElo "2300"]
[PlyCount "60"]
[EventDate "2008.10.26"]
[EventType "team-tourn"]
[EventRounds "11"]
[EventCountry "HUN"]
[SourceTitle "EXT 2010"]
[Source "ChessBase"]
[SourceDate "2010.11.25"]
[SourceVersion "1"]
[SourceVersionDate "2010.11.25"]
[SourceQuality "1"]
[WhiteTeam "Kazincbarcika"]
[BlackTeam "Mako"]
[WhiteTeamCountry "HUN"]
[BlackTeamCountry "HUN"]

1. e4 Nf6 2. e5 Nd5 3. d4 d6 4. Nf3 Nb6 5. exd6 cxd6 6. Bd3 g6 7. 0-0 Bg7 8. Re1 0-0 9. Bg5 Nc6 10. c3 Qc7 11. Na3 a6 12. Qd2 e5 13. Bh6 Bg4 14. Bxg7 Kxg7 15. Be2 Bxf3 16. Bxf3 Rfe8 17. Rad1 Rac8 18. h4 f5 19. Bxc6 Qxc6 20. dxe5 dxe5 21. h5 Qf6 22. hxg6 hxg6 23. Qe2 Re7 24. g3 Rh8 25. Kg2 Qc6+ 26. f3 e4 27. Kg1 Re6 28. Qe3 Nd5 29. Qd4+ Nf6 30. fxe4 fxe4 0-1

[Event "HUN-chT 0809"]
[Site "Hungary"]
[Date "2009.01.25"]
[Round "6"]
[White "Papp, Tamas"]
[Black "Grunberg, Florin"]
[Result "1-0"]
[WhiteElo "2315"]
[BlackElo "2300"]
[PlyCount "105"]
[EventDate "2008.10.26"]
[EventType "team-tourn"]
[EventRounds "11"]
[EventCountry "HUN"]
[SourceTitle "EXT 2010"]
[Source "ChessBase"]
[SourceDate "2010.11.25"]
[SourceVersion "1"]
[SourceVersionDate "2010.11.25"]
[SourceQuality "1"]
[WhiteTeam "Decs"]
[BlackTeam "Mako"]
[WhiteTeamCountry "HUN"]
[BlackTeamCountry "HUN"]

1. d4 f5 2. e4 fxe4 3. Nc3 Nf6 4. Bg5 c6 5. f3 e3 6. Bd3 Qa5 7. Bxe3 d6 8. Nge2 Na6 9. a3 g6 10. 0-0 Bg7 11. Bc4 b5 12. b4 Qb6 13. Bb3 Nc7 14. Qd2 d5 15. Nf4 0-0 16. Nd3 Nfe8 17. Nc5 Nd6 18. Rae1 Nf5 19. Bf2 e6 20. Nd1 a5 21. Nb2 a4 22. Ba2 Re8 23. Qc3 Na6 24. Nbd3 Nxc5 25. Nxc5 Ra7 26. Re2 Rae7 27. Rfe1 Qc7 28. g4 Nh6 29. Bg3 Qa7 30. Bd6 Rf7 31. Qe3 Kh8 32. c3 Ng8 33. Bb1 Nf6 34. Qd3 Ng8 35. Bc2 Bf8 36. Be5+ Bg7 37. Bxg7+ Kxg7 38. Nxe6+ Bxe6 39. Rxe6 Rxe6 40. Rxe6 Qc7 41. Re5 Nf6 42. Qe3 Nd7 43. Re7 Qd6 44. Re6 Qc7 45. Kg2 Qc8 46. h4 Qc7 47. h5 gxh5 48. Qh6+ Kg8 49. Re8+ Nf8 50. Bxh7+ Kh8 51. Bg6+ Kg8 52. Bxf7+ Qxf7 53. Rxf8+ 1-0

[Event "Liechtenstein op 24th"]
[Site "Triesen"]
[Date "2006.05.26"]
[Round "8"]
[White "Dittmar, Peter"]
[Black "Grunberg, Florin"]
[Result "1/2-1/2"]
[WhiteElo "2347"]
[BlackElo "2282"]
[PlyCount "31"]
[EventDate "2006.05.19"]
[EventType "swiss"]
[EventRounds "9"]
[EventCountry "LIE"]
[SourceTitle "CBM 112 Extra"]
[Source "ChessBase"]
[SourceDate "2006.07.14"]
[SourceVersion "1"]
[SourceVersionDate "2006.07.14"]
[SourceQuality "1"]

1. d4 f5 2. g3 Nf6 3. Bg2 c6 4. Nd2 d5 5. Nh3 e6 6. Nf3 Bd6 7. 0-0 0-0 8. Bf4 Ng4 9. c4 b6 10. Qc2 Bb7 11. Rfd1 Qe7 12. Bxd6 Qxd6 13. Rac1 Na6 14. Nf4 Rac8 15. Qb3 Qe7 16. cxd5 1/2-1/2

[Event "Liechtenstein op 24th"]
[Site "Triesen"]
[Date "2006.05.19"]
[Round "1"]
[White "Grunberg, Florin"]
[Black "Haering, Thomas"]
[Result "1/2-1/2"]
[WhiteElo "2282"]
[BlackElo "1983"]
[PlyCount "56"]
[EventDate "2006.05.19"]
[EventType "swiss"]
[EventRounds "9"]
[EventCountry "LIE"]
[SourceTitle "CBM 112 Extra"]
[Source "ChessBase"]
[SourceDate "2006.07.14"]
[SourceVersion "1"]
[SourceVersionDate "2006.07.14"]
[SourceQuality "1"]

1. Nf3 Nf6 2. c4 e6 3. g3 b6 4. Bg2 Bb7 5. 0-0 Be7 6. Nc3 0-0 7. Re1 Ne4 8. Nxe4 Bxe4 9. d3 Bb7 10. e4 c5 11. d4 cxd4 12. Nxd4 d6 13. Nb5 Nc6 14. Bf4 Ne5 15. b3 a6 16. Nc3 Rc8 17. Rc1 Re8 18. Be3 Qc7 19. f4 Nd7 20. g4 Qb8 21. g5 Bc6 22. f5 b5 23. Bh3 Bf8 24. cxb5 axb5 25. Bd4 Qb7 26. Qh5 g6 27. fxg6 fxg6 28. Qg4 Ne5 1/2-1/2

[Event "Liechtenstein op 23rd"]
[Site "Triesen"]
[Date "2005.04.30"]
[Round "2"]
[White "Grunberg, Florin"]
[Black "Low, Steven"]
[Result "1-0"]
[WhiteElo "2312"]
[BlackElo "1927"]
[PlyCount "73"]
[EventDate "2005.04.29"]
[EventType "swiss"]
[EventRounds "9"]
[EventCountry "LIE"]
[SourceTitle "CBM 106 Extra"]
[Source "ChessBase"]
[SourceDate "2005.07.01"]
[SourceVersion "1"]
[SourceVersionDate "2005.07.01"]
[SourceQuality "1"]

1. Nf3 Nf6 2. c4 c5 3. g3 Nc6 4. Bg2 e6 5. 0-0 Be7 6. Nc3 d5 7. cxd5 exd5 8. d4 0-0 9. Bg5 Be6 10. dxc5 d4 11. Na4 h6 12. Bf4 Rc8 13. Ne5 Nd5 14. Nxc6 bxc6 15. Be5 Nb4 16. a3 Na6 17. b4 Bf6 18. Bxf6 Qxf6 19. Nb2 Rfd8 20. Qa4 Nb8 21. Qxa7 Rd7 22. Qa4 Bd5 23. Nd3 Bc4 24. Qc2 Bd5 25. Bh3 Be6 26. Bxe6 fxe6 27. Qc4 Kh8 28. f4 Qf5 29. Ne5 Re7 30. Qd3 Rd8 31. Ng6+ Qxg6 32. Qxg6 Nd7 33. Qe4 Nb8 34. f5 Rf8 35. fxe6 Rfe8 36. Qxd4 Rxe6 37. Rf7 1-0

[Event "HUN-chT 0405"]
[Site "Hungary"]
[Date "2005.01.23"]
[Round "6"]
[White "Csonka, Attila Istvan"]
[Black "Grunberg, Florin"]
[Result "1/2-1/2"]
[WhiteElo "2353"]
[BlackElo "2301"]
[PlyCount "85"]
[EventDate "2004.09.26"]
[EventType "team-tourn"]
[EventRounds "11"]
[EventCountry "HUN"]
[SourceTitle "EXT 2011"]
[Source "ChessBase"]
[SourceDate "2010.11.26"]
[SourceVersion "1"]
[SourceVersionDate "2010.11.26"]
[SourceQuality "1"]
[WhiteTeam "Haladas"]
[BlackTeam "Mako"]
[WhiteTeamCountry "HUN"]
[BlackTeamCountry "HUN"]

1. e4 Nf6 2. e5 Nd5 3. c4 Nb6 4. d4 d6 5. exd6 cxd6 6. Nc3 g6 7. Be3 Bg7 8. Rc1 0-0 9. h3 e5 10. dxe5 dxe5 11. c5 N6d7 12. Bc4 Nc6 13. Nf3 Qa5 14. 0-0 Nxc5 15. b4 Nxb4 16. Nd5 Nxd5 17. Qxd5 b6 18. Bxc5 Be6 19. Qe4 bxc5 20. Bxe6 fxe6 21. Qc4 Rae8 22. Rfd1 Rf4 23. Qxc5 Qxc5 24. Rxc5 Ra4 25. Rd7 Bf6 26. Nd2 Rd4 27. Rxd4 exd4 28. Ne4 Be7 29. Rc7 Kf8 30. Kf1 Rb8 31. Ke2 Rb2+ 32. Kd3 Rxa2 33. Kxd4 Ra5 34. g4 Rd5+ 35. Kc4 a5 36. Ra7 h5 37. f3 hxg4 38. hxg4 Ke8 39. Kc3 Bb4+ 40. Kc4 Be7 41. Kc3 Rb5 42. Kd4 Rd5+ 43. Kc3 1/2-1/2

[Event "ROM-ch"]
[Site "Brasov"]
[Date "2004.11.21"]
[Round "1"]
[White "Grunberg, Florin"]
[Black "Nevednichy, Vladislav"]
[Result "1/2-1/2"]
[WhiteElo "2310"]
[BlackElo "2552"]
[PlyCount "83"]
[EventDate "2004.11.20"]
[EventType "k.o."]
[EventRounds "5"]
[EventCountry "ROU"]
[SourceTitle "EXT 2006"]
[Source "ChessBase"]
[SourceDate "2005.11.24"]
[SourceVersion "1"]
[SourceVersionDate "2005.11.24"]
[SourceQuality "1"]

1. Nf3 g6 2. d4 Bg7 3. g3 Nf6 4. Bg2 0-0 5. 0-0 d5 6. c4 dxc4 7. Nc3 Nc6 8. h3 Nd7 9. e4 e5 10. Bg5 f6 11. Be3 exd4 12. Nxd4 Nde5 13. Nxc6 bxc6 14. Qa4 Be6 15. f4 Nd3 16. Qxc6 Qd6 17. Qxd6 cxd6 18. Nb5 Rab8 19. Nxa7 Rxb2 20. f5 Bd7 21. a4 Re8 22. Bd4 Rxg2+ 23. Kxg2 Rxe4 24. Bb6 Re2+ 25. Kg1 Bh6 26. fxg6 hxg6 27. Rxf6 Bg7 28. Rxg6 Kh7 29. Rxg7+ Kxg7 30. g4 Kg6 31. Bd4 Re4 32. Bc3 Nf4 33. Bb4 Nxh3+ 34. Kh2 Ng5 35. Bxd6 Re2+ 36. Kg3 Re3+ 37. Kf2 Rd3 38. Bb4 Ne4+ 39. Kg2 Rb3 40. Be1 Bxg4 41. Nb5 Rb2+ 42. Kg1 1/2-1/2

[Event "Liechtenstein op 22nd"]
[Site "Triesen"]
[Date "2004.05.19"]
[Round "6"]
[White "Siebrecht, Sebastian"]
[Black "Grunberg, Florin"]
[Result "1/2-1/2"]
[WhiteElo "2369"]
[BlackElo "2270"]
[PlyCount "144"]
[EventDate "2004.05.14"]
[EventType "swiss"]
[EventRounds "9"]
[EventCountry "LIE"]
[SourceTitle "CBM 100 Extra"]
[Source "ChessBase"]
[SourceDate "2004.07.06"]
[SourceVersion "2"]
[SourceVersionDate "2004.07.06"]
[SourceQuality "1"]

1. Nf3 g6 2. d4 Bg7 3. e4 c6 4. Nc3 d5 5. h3 h5 6. Bf4 Qa5 7. exd5 cxd5 8. Bxb8 Rxb8 9. Bb5+ Kf8 10. 0-0 Bf6 11. Qe2 a6 12. Bd3 Nh6 13. Qe3 Bf5 14. Ne5 Rd8 15. Ne2 Bxd3 16. Qxd3 Qc7 17. f4 Qc8 18. Rac1 Kg7 19. b3 Nf5 20. Ng3 Nxg3 21. Qxg3 Qf5 22. Qe3 Rc8 23. c4 dxc4 24. bxc4 h4 25. Kh2 Rhd8 26. Rf2 Rc7 27. Rcf1 e6 28. Rd1 Be7 29. Qe2 Bd6 30. c5 Be7 31. Kh1 Bf6 32. Rf3 Rd5 33. Rfd3 Qh5 34. Qb2 Qf5 35. Kh2 Qe4 36. Qf2 Qf5 37. Qe3 Rc8 38. Nc4 Rc7 39. Nd6 Rxd6 40. cxd6 Rd7 41. d5 exd5 42. Qc5 d4 43. Qxf5 gxf5 44. Rb3 Rxd6 45. Rxb7 d3 46. Rb3 d2 47. Rf3 Bd4 48. g3 hxg3+ 49. Rxg3+ Kf6 50. Kg2 Bc5 51. h4 Bb4 52. h5 Rd4 53. Kf3 Bd6 54. h6 Rxf4+ 55. Kg2 Rh4 56. Rd3 Bf4 57. Ra3 Bxh6 58. Rxa6+ Ke5 59. Ra5+ Ke6 60. Kf3 Rf4+ 61. Ke2 Re4+ 62. Kd3 Re1 63. Kc2 Be3 64. Rb5 f4 65. Rbb1 Re2 66. Kd3 Rg2 67. a4 Rg5 68. Ke2 Ra5 69. Rb4 Re5 70. Kf3 Ra5 71. Re4+ Kf5 72. Rb4 Ke6 1/2-1/2

[Event "HUN-chT 0304"]
[Site "Hungary"]
[Date "2003.10.05"]
[Round "2"]
[White "Szamoskozi, Gabor"]
[Black "Grunberg, Florin"]
[Result "1-0"]
[WhiteElo "2211"]
[BlackElo "2267"]
[PlyCount "79"]
[EventDate "2003.09.28"]
[EventType "team"]
[EventRounds "11"]
[EventCountry "HUN"]
[SourceTitle "EXT 2005"]
[Source "ChessBase"]
[SourceDate "2004.11.15"]
[SourceVersion "1"]
[SourceVersionDate "2004.11.15"]
[SourceQuality "1"]

1. e4 Nf6 2. e5 Nd5 3. d4 d6 4. c4 Nb6 5. exd6 cxd6 6. Be3 g6 7. Nc3 Bg7 8. Nf3 0-0 9. Be2 Bg4 10. b3 Nc6 11. Rc1 d5 12. c5 Nc8 13. 0-0 e6 14. Qd2 N8e7 15. Ne1 Bxe2 16. Nxe2 Nf5 17. Nf3 Nxe3 18. fxe3 Qa5 19. Qxa5 Nxa5 20. Nc3 a6 21. e4 dxe4 22. Nxe4 Nc6 23. Rcd1 Rad8 24. Nd6 Rd7 25. Rfe1 b6 26. Nc4 bxc5 27. dxc5 Rfd8 28. Rd6 Nb4 29. Red1 Nd5 30. Rxa6 Bf8 31. c6 Rc7 32. a3 Rdc8 33. Nd4 Bc5 34. b4 Nc3 35. bxc5 Nxd1 36. Nd6 e5 37. Nxc8 exd4 38. Nd6 Nc3 39. Ra8+ Kg7 40. Ne8+ 1-0

[Event "HUN-chT 0304"]
[Site "Hungary"]
[Date "2003.09.28"]
[Round "1"]
[White "Grunberg, Florin"]
[Black "Medvegy, Nora"]
[Result "1-0"]
[WhiteElo "2267"]
[BlackElo "2354"]
[PlyCount "111"]
[EventDate "2003.09.28"]
[EventType "team"]
[EventRounds "11"]
[EventCountry "HUN"]
[SourceTitle "EXT 2005"]
[Source "ChessBase"]
[SourceDate "2004.11.15"]
[SourceVersion "1"]
[SourceVersionDate "2004.11.15"]
[SourceQuality "1"]

1. g3 d5 2. Bg2 Nf6 3. f4 c5 4. Nf3 Nc6 5. 0-0 Bf5 6. d3 Qc7 7. c3 Rd8 8. Qe1 d4 9. Na3 g6 10. Nc4 Bg7 11. Bd2 Nd5 12. Rc1 Qb8 13. a4 Nb6 14. Nxb6 axb6 15. b4 0-0 16. cxd4 Nxd4 17. Nxd4 Bxd4+ 18. Kh1 Qa7 19. a5 bxa5 20. bxa5 Be6 21. Bc3 Be3 22. Rb1 Bd5 23. f5 Qa8 24. Bxd5 Rxd5 25. Rf3 Bd4 26. e4 Rd7 27. Bxd4 cxd4 28. Qb4 Qc8 29. Rbf1 Qc6 30. g4 Qd6 31. Qd2 Qe5 32. Rh3 Qg7 33. g5 Qe5 34. f6 Rc7 35. Qg2 exf6 36. gxf6 Rfc8 37. Qd2 g5 38. Rh5 Rc5 39. h4 h6 40. Rxh6 Rc2 41. Qxg5+ Qxg5 42. hxg5 Rc1 43. Kg1 Rxf1+ 44. Kxf1 Rc5 45. Rh5 Rxa5 46. Ke2 Ra2+ 47. Kf3 Rd2 48. e5 Rxd3+ 49. Ke4 Rd1 50. Rh3 Rg1 51. Kxd4 Rxg5 52. Kd5 Rg1 53. Kd6 Rg5 54. e6 fxe6 55. Ke7 Rf5 56. Rg3+ 1-0

[Event "Szombathely Savaria op 3rd"]
[Site "Szombathely"]
[Date "2003.07.27"]
[Round "9"]
[White "Mrkonjic, Nenad"]
[Black "Grunberg, Florin"]
[Result "1-0"]
[WhiteElo "2405"]
[BlackElo "2267"]
[PlyCount "175"]
[EventDate "2003.07.19"]
[EventType "swiss"]
[EventRounds "9"]
[EventCountry "HUN"]
[SourceTitle "CBM 095 Extra"]
[Source "ChessBase"]
[SourceDate "2003.09.04"]
[SourceVersion "1"]
[SourceVersionDate "2003.09.04"]
[SourceQuality "1"]

1. d4 f5 2. g3 Nf6 3. Bg2 d6 4. c3 c6 5. Nd2 g6 6. Ngf3 Bg7 7. Qb3 e6 8. Nc4 0-0 9. Bf4 Ne4 10. h4 b5 11. Ncd2 h6 12. Nxe4 fxe4 13. Nh2 d5 14. Ng4 Kh7 15. a4 Ba6 16. Bh3 Nd7 17. Qa3 c5 18. axb5 Bxb5 19. Bd6 cxd4 20. cxd4 Re8 21. Ne5 Qb6 22. Nxd7 Bxd7 23. Bc5 Qb5 24. e3 Reb8 25. b4 e5 26. h5 gxh5 27. Bxd7 Qxd7 28. Rxh5 exd4 29. exd4 Qf7 30. Rh4 e3 31. Qd3+ Kg8 32. Rf4 exf2+ 33. Kxf2 Qd7 34. Qf5 Rb7 35. Ra6 Qxf5 36. Rxf5 Rd7 37. Ke3 Re8+ 38. Kd3 Rb8 39. Kc3 Rbb7 40. Kb3 Kh7 41. Ka4 Kg8 42. Re6 Rb8 43. Ka5 Rc8 44. Kb5 Rb7+ 45. Ka6 Rd7 46. b5 Rb8 47. Rc6 Ra8 48. g4 Kh7 49. Rh5 Kg8 50. Rf5 Kh7 51. g5 hxg5 52. Rxg5 Rb8 53. Bxa7 Ra8 54. Rxg7+ Rxg7 55. b6 Rg1 56. Rc5 Rd8 57. Kb7 Rgg8 58. Rc7+ Kg6 59. Kc6 Kf5 60. Re7 Rc8+ 61. Kd6 Rcd8+ 62. Rd7 Ke4 63. b7 Rde8 64. Kc6 Rg6+ 65. Rd6 Rg7 66. Rh6 Kd3 67. Rd6 Kc4 68. Rd7 Rg6+ 69. Kc7 Rgg8 70. Bc5 Rh8 71. Kb6 Rh6+ 72. Ka7 Rhh8 73. Rc7 Kd3 74. Bb6 Rhg8 75. Rc6 Rh8 76. Bc5 Rhg8 77. Rb6 Rh8 78. b8Q Rxb8 79. Rxb8 Rh1 80. Rb3+ Kc4 81. Rb4+ Kd3 82. Kb6 Rh6+ 83. Kb5 Rg6 84. Ra4 Rh6 85. Ra7 Ke4 86. Ra6 Rh1 87. Rg6 Rh5 88. Re6+ 1-0

[Event "Szombathely Savaria op 3rd"]
[Site "Szombathely"]
[Date "2003.07.20"]
[Round "2"]
[White "Grunberg, Florin"]
[Black "Horvath, Peter"]
[Result "1/2-1/2"]
[WhiteElo "2267"]
[BlackElo "2463"]
[PlyCount "48"]
[EventDate "2003.07.19"]
[EventType "swiss"]
[EventRounds "9"]
[EventCountry "HUN"]
[SourceTitle "CBM 095 Extra"]
[Source "ChessBase"]
[SourceDate "2003.09.04"]
[SourceVersion "1"]
[SourceVersionDate "2003.09.04"]
[SourceQuality "1"]

1. f4 d5 2. Nf3 g6 3. g3 Bg7 4. Bg2 Nf6 5. 0-0 c5 6. d3 0-0 7. c3 Nc6 8. Qe1 d4 9. Na3 Be6 10. Bd2 Qd7 11. Ng5 Bf5 12. Nc4 h6 13. Nf3 Bh3 14. Nce5 Nxe5 15. Nxe5 Qe6 16. Bxh3 Qxh3 17. e4 dxe3 18. Bxe3 b6 19. d4 Rac8 20. Qe2 Qe6 21. dxc5 bxc5 22. Qc4 Qxc4 23. Nxc4 Ne4 24. Rfd1 Rfd8 1/2-1/2

[Event "HUN-chT2 Maroczy 0203"]
[Site "Hungary"]
[Date "2002.12.01"]
[Round "3.6"]
[White "Frander, Leon Oliver"]
[Black "Grunberg, Florin"]
[Result "1/2-1/2"]
[WhiteElo "2194"]
[BlackElo "2335"]
[PlyCount "120"]
[EventDate "2002.09.22"]
[EventType "team"]
[EventRounds "11"]
[EventCountry "HUN"]
[SourceTitle "EXT 2004"]
[Source "ChessBase"]
[SourceDate "2003.11.25"]
[SourceVersion "1"]
[SourceVersionDate "2003.11.25"]
[SourceQuality "1"]
[WhiteTeam "Heves"]
[BlackTeam "Mako"]
[WhiteTeamCountry "HUN"]
[BlackTeamCountry "HUN"]

1. e4 Nf6 2. e5 Nd5 3. d4 d6 4. c4 Nb6 5. exd6 cxd6 6. Nc3 g6 7. Be3 Bg7 8. Rc1 0-0 9. b3 e5 10. dxe5 dxe5 11. c5 N6d7 12. Bc4 Nc6 13. Nf3 Qa5 14. 0-0 Nxc5 15. Nd5 Ne6 16. b4 Qd8 17. Qd2 Ncd4 18. Nxd4 exd4 19. Bh6 b5 20. Bb3 Bb7 21. Bxg7 Kxg7 22. Nf4 Qd6 23. Bxe6 fxe6 24. Qxd4+ Qxd4 25. Nxe6+ Kg8 26. Nxd4 Bd5 27. a3 Bc4 28. Rfe1 a5 29. a4 axb4 30. axb5 Bf7 31. Rb1 Ra4 32. h3 Rb8 33. Re5 Bc4 34. Rc5 Bd3 35. Rb3 Be4 36. f3 Bb7 37. Nc2 Rd8 38. Rxb4 Rd1+ 39. Kh2 Ra2 40. Rd4 Bxf3 41. Rxd1 Bxd1 42. Nd4 Rb2 43. Kg3 Kf7 44. Rc1 Ba4 45. Rc7+ Kf6 46. Rxh7 Rb4 47. Rd7 Bxb5 48. Nxb5 Rxb5 49. h4 Rb3+ 50. Kh2 Rb4 51. Kh3 g5 52. hxg5+ Kxg5 53. Rd5+ Kh6 54. g4 Rb1 55. Kg3 Rg1+ 56. Kf4 Rf1+ 57. Ke4 Re1+ 58. Kf3 Rf1+ 59. Ke2 Rf4 60. Ke3 Rxg4 1/2-1/2

[Event "ROM-ch"]
[Site "Curtea de Arges"]
[Date "2002.11.25"]
[Round "2.1"]
[White "Nisipeanu, Liviu Dieter"]
[Black "Grunberg, Florin"]
[Result "1-0"]
[WhiteElo "2613"]
[BlackElo "2305"]
[PlyCount "63"]
[EventDate "2002.12.07"]
[EventType "k.o."]
[EventRounds "5"]
[EventCountry "ROU"]
[SourceTitle "CBM 091 Extra"]
[Source "ChessBase"]
[SourceDate "2003.01.09"]
[SourceVersion "1"]
[SourceVersionDate "2003.01.09"]
[SourceQuality "1"]

1. c4 f5 2. Nc3 Nf6 3. g3 d6 4. Bg2 c6 5. d3 g6 6. e4 Bg7 7. Nge2 0-0 8. 0-0 e5 9. exf5 gxf5 10. f4 Qb6+ 11. Kh1 Be6 12. Na4 Qd8 13. fxe5 dxe5 14. Nc5 Bc8 15. d4 exd4 16. Nxd4 Ng4 17. Ncb3 Na6 18. Bf4 Ne5 19. c5 Nb4 20. Qe2 Nbd3 21. Rad1 Nxf4 22. gxf4 Ng4 23. Nxc6 Qh4 24. Ne7+ Kh8 25. h3 a5 26. Nd4 Ra6 27. Ndxf5 Bxf5 28. Nxf5 Nf2+ 29. Qxf2 Qxf2 30. Rxf2 Rxf5 31. Bxb7 Rh6 32. c6 1-0

[Event "ROM-ch"]
[Site "Curtea de Arges"]
[Date "2002.11.24"]
[Round "1.2"]
[White "Grunberg, Florin"]
[Black "Danilov, Vladimir"]
[Result "1-0"]
[WhiteElo "2305"]
[BlackElo "2363"]
[PlyCount "63"]
[EventDate "2002.12.07"]
[EventType "k.o."]
[EventRounds "5"]
[EventCountry "ROU"]
[SourceTitle "CBM 091 Extra"]
[Source "ChessBase"]
[SourceDate "2003.01.09"]
[SourceVersion "1"]
[SourceVersionDate "2003.01.09"]
[SourceQuality "1"]

1. g3 c5 2. c4 Nc6 3. Bg2 g6 4. Nc3 Bg7 5. d3 e6 6. e4 Nge7 7. Be3 Nd4 8. Nge2 0-0 9. 0-0 b6 10. Qd2 Bb7 11. f4 Nxe2+ 12. Nxe2 d5 13. f5 d4 14. Bh6 exf5 15. Bxg7 Kxg7 16. exf5 Nc6 17. f6+ Kh8 18. Rae1 Rg8 19. Bd5 Qf8 20. Nf4 Rd8 21. g4 g5 22. Nh5 Rxd5 23. cxd5 Nb4 24. Re7 Bxd5 25. Rf5 Be6 26. Rxg5 Nd5 27. Rg7 Nxf6 28. Qh6 Qxg7 29. Nxg7 Nxg4 30. Qh4 Kxg7 31. h3 Ne3 32. Kf2 1-0

[Event "Martisor Cup op"]
[Site "Bucharest"]
[Date "2002.03.06"]
[Round "8"]
[White "Burnoiu, Nicolae Costel"]
[Black "Grunberg, Florin"]
[Result "1/2-1/2"]
[WhiteElo "2342"]
[BlackElo "2381"]
[PlyCount "57"]
[EventDate "2002.03.01"]
[EventType "swiss"]
[EventRounds "9"]
[EventCountry "ROU"]
[SourceTitle "CBM 087 Extra"]
[Source "ChessBase"]
[SourceDate "2002.05.03"]
[SourceVersion "2"]
[SourceVersionDate "2002.08.09"]
[SourceQuality "1"]

1. e4 Nf6 2. e5 Nd5 3. Nc3 Nxc3 4. bxc3 d5 5. d4 c5 6. Nf3 Nc6 7. Rb1 Qc7 8. Bd2 Bg4 9. e6 Bxe6 10. Ng5 Bf5 11. Bb5 e6 12. 0-0 Bd6 13. dxc5 Bxh2+ 14. Kh1 Bf4 15. c4 0-0 16. cxd5 exd5 17. Bd3 Bxd3 18. cxd3 h6 19. Nf3 Rab8 20. Re1 Bxd2 21. Qxd2 b6 22. Rbc1 Qd7 23. d4 Qg4 24. Ne5 Nxe5 25. Rxe5 Rfd8 26. c6 Rbc8 27. Qe3 Rd6 28. c7 Re6 29. Qa3 1/2-1/2

[Event "Martisor Cup op"]
[Site "Bucharest"]
[Date "2002.03.03"]
[Round "4"]
[White "Grunberg, Florin"]
[Black "Doncea, Vladimir"]
[Result "1-0"]
[WhiteElo "2381"]
[BlackElo "2109"]
[PlyCount "87"]
[EventDate "2002.03.01"]
[EventType "swiss"]
[EventRounds "9"]
[EventCountry "ROU"]
[SourceTitle "CBM 087 Extra"]
[Source "ChessBase"]
[SourceDate "2002.05.03"]
[SourceVersion "2"]
[SourceVersionDate "2002.08.09"]
[SourceQuality "1"]

1. Nf3 b5 2. c3 e6 3. Qb3 a6 4. d4 Nf6 5. Bg5 Bb7 6. a4 Bd5 7. Qc2 b4 8. Nbd2 Be7 9. e4 Bb7 10. Bd3 a5 11. 0-0 h6 12. Bh4 bxc3 13. bxc3 d5 14. Rab1 Ba6 15. Ne5 0-0 16. Rb2 Bxd3 17. Qxd3 Nfd7 18. Bxe7 Qxe7 19. Nxd7 Nxd7 20. Rb5 Qa3 21. exd5 exd5 22. Rxd5 Qxa4 23. Qf5 Nf6 24. Rc5 Qa2 25. Nc4 a4 26. Rxc7 Qb3 27. Nd2 Qb2 28. Qd3 a3 29. Rb1 Qa2 30. c4 Rfb8 31. Rcb7 Re8 32. h3 Red8 33. d5 Nd7 34. Qc3 Nc5 35. R7b5 Na4 36. Qd4 Qc2 37. Ra1 Nb2 38. c5 Nd1 39. Nc4 a2 40. c6 Ra4 41. Qxd1 Qxd1+ 42. Rxd1 a1Q 43. Rxa1 Rxa1+ 44. Kh2 1-0

[Event "HUN-chT 0102"]
[Site "Hungary"]
[Date "2001.12.02"]
[Round "4"]
[White "Grunberg, Florin"]
[Black "Havasi, Janos"]
[Result "1-0"]
[WhiteElo "2339"]
[BlackElo "2277"]
[PlyCount "103"]
[EventDate "2001.??.??"]
[EventType "team"]
[EventRounds "11"]
[EventCountry "HUN"]
[SourceTitle "EXT 2004"]
[Source "ChessBase"]
[SourceDate "2003.11.25"]
[SourceVersion "1"]
[SourceVersionDate "2003.11.25"]
[SourceQuality "1"]

1. Nf3 Nf6 2. c4 d6 3. d4 g6 4. g3 Bg7 5. Bg2 0-0 6. 0-0 c6 7. Nc3 Bg4 8. h3 Bxf3 9. Bxf3 Qc8 10. Bg2 e5 11. d5 c5 12. e4 Nh5 13. Be3 a6 14. Rb1 Nd7 15. Bf3 Nhf6 16. g4 Rb8 17. Be2 Ne8 18. Bd3 Qd8 19. Qd2 Bf6 20. a3 Ng7 21. b4 Be7 22. f4 exf4 23. Bxf4 f6 24. Na4 Ne5 25. bxc5 dxc5 26. Bxe5 fxe5 27. Rxf8+ Bxf8 28. Qf2 Qe7 29. Rb6 Ne8 30. Kg2 Qc7 31. g5 Bd6 32. Be2 Qe7 33. h4 Qc7 34. Bg4 Qe7 35. Be6+ Kg7 36. Qb2 h6 37. gxh6+ Kxh6 38. Qf2 Kg7 39. Qg3 Kh6 40. Qg5+ Qxg5+ 41. hxg5+ Kxg5 42. Bf7 Bc7 43. Rxg6+ Kf4 44. Nxc5 Nd6 45. Rh6 Nxf7 46. Rf6+ Kg4 47. Rxf7 Bd6 48. Nxb7 Bxa3 49. c5 a5 50. c6 a4 51. c7 Rc8 52. d6 1-0

[Event "HUN-chT 0102"]
[Site "Hungary"]
[Date "2001.09.30"]
[Round "1"]
[White "Grunberg, Florin"]
[Black "Vegh, Endre"]
[Result "1/2-1/2"]
[WhiteElo "2339"]
[BlackElo "2321"]
[PlyCount "120"]
[EventDate "2001.??.??"]
[EventType "team"]
[EventRounds "11"]
[EventCountry "HUN"]
[SourceTitle "EXT 2004"]
[Source "ChessBase"]
[SourceDate "2003.11.25"]
[SourceVersion "1"]
[SourceVersionDate "2003.11.25"]
[SourceQuality "1"]

1. Nf3 Nf6 2. c4 c6 3. g3 d5 4. b3 g6 5. Bb2 Bg7 6. Bg2 0-0 7. 0-0 b6 8. Qc2 Bb7 9. d4 Nbd7 10. Nc3 c5 11. cxd5 Nxd5 12. Nxd5 Bxd5 13. e4 Bb7 14. d5 Bxb2 15. Qxb2 Qc7 16. Rac1 Rad8 17. Rfd1 Qb8 18. h4 Nf6 19. Ne5 Nd7 20. Ng4 h5 21. Ne3 Rfe8 22. f4 e6 23. e5 exd5 24. Bxd5 Nf8 25. Qg2 Bxd5 26. Nxd5 Kg7 27. g4 hxg4 28. Qxg4 Qc8 29. Qg5 Nh7 30. Qg3 Qc6 31. Ne3 Qe4 32. Nc4 Rxd1+ 33. Rxd1 Qc2 34. Rf1 Kh8 35. Nd6 Rf8 36. Kh1 Qd2 37. Rg1 Qd5+ 38. Kh2 Nf6 39. exf6 Qxd6 40. Qg5 Kg8 41. h5 Re8 42. hxg6 Re2+ 43. Kh3 Qe6+ 44. f5 Re3+ 45. Rg3 Rxg3+ 46. Kxg3 Qe1+ 47. Kf3 Qd1+ 48. Kf2 Qd4+ 49. Ke2 Qe5+ 50. Kd2 Qd4+ 51. Kc2 Qf2+ 52. Kb1 Qf1+ 53. Kb2 Qe2+ 54. Kc3 Qe5+ 55. Kc4 Qe4+ 56. Kb5 Qe2+ 57. Kc6 Qe4+ 58. Kc7 Qe5+ 59. Kb7 b5 60. Kxa7 Qc7+ 1/2-1/2